Statystyki dla Skład finału MŚ 2014

Kliknij tutaj aby rozwiązać quiz!

Ogólne statystyki

  • Ten quiz został rozwiązany 65 razy
  • Średni wynik to 10 z 28

Statystyki odpowiedzi

DrużynaZawodnicy% Poprawnych
NiemcyManuel Neuer
88%
Lionel Messi
79%
Mario Gotze
74%
Jerome Boateng
63%
Gonzalo Higuain
61%
Thomas Muller
58%
ArgentynaSergio Romero
54%
Mats Hummels
53%
Miroslav Klose
51%
Philipp Lahm
46%
Toni Kroos
46%
Javier Mascherano
44%
Sergio Aguero
44%
Bastian Schweinsteiger
40%
Andre Schurlle
33%
Mesut Ozil
33%
Benedikt Howedes
26%
Marcos Rojo
23%
Pablo Zabaleta
21%
Martin Demichelis
19%
Ezequiel Garay
14%
Ezequiel Lavezzi
14%
ZmiennicyRodrigo Palacio
11%
Lucas Biglia
9%
Enzo Perez
5%
Christhop Kramer
0%
Fernando Gago
0%
ZmiennicyPer Mertesacer
0%

Rozkład punktacji

Percentyl według liczby udzielonych odpowiedzi

Procent ludzi z każdym wynikiem

Twoja historia wyników

Nie rozwiązałeś tego quizu